| 000 | 00820cab a2200241 4500 | ||
|---|---|---|---|
| 001 | ABS40381 | ||
| 008 | 090401t1989 xxu||||| |||| 00| 0 eng d | ||
| 035 | _a(Sirsi) u23426 | ||
| 041 | _aeng | ||
| 100 | _aTerry, R. | ||
| 245 | _aNorwich sports village | ||
| 260 | _c1989 | ||
| 350 | _a0 | ||
| 490 |
_aLeisure Management _v9(1) 1989, 48-50(3) |
||
| 520 | _aDescribes the funding arrangements and the running of the new Norwich Sport s Village, a joint venture between Broadlands DC and IHS Sports Villages plc, a Swiss-based developer. Identifies the main financial advantages for the Council in adopting the partnership approach. | ||
| 650 | _aDEVELOPMENT | ||
| 650 | _aFOREIGN | ||
| 650 | _aLEISURE | ||
| 650 | _aMANAGEMENT | ||
| 690 | _aPLANNING LAW AND PRACTICE | ||
| 942 | _n0 | ||
| 948 | _c04/03/1997 | ||
| 999 |
_c15659 _d15659 |
||